00000000nam 2200000zi 4500
0019.939739
003CaOODSP
00520250821125721
006m     o  d f      
007cr mn|||||||||
008240624e20240830onc     ob   f000 0 fre d
020 |a9780660724980
040 |aCaOODSP|bfre|erda|cCaOODSP
043 |an-cn---
045 |ay2y2
0861 |aNR16-444/2024F-PDF
24500|aAudit de la passation des marchés de services professionnels / |cBureau de la vérification et de l'évaluation.
264 1|a[Ottawa] : |bConseil national de recherches Canada = National Research Council Canada, |c30 août 2024.
264 4|c©2024
300 |a1 ressource en ligne (32 pages)
336 |atexte|btxt|2rdacontent/fre
337 |ainformatique|bc|2rdamedia/fre
338 |aressource en ligne|bcr|2rdacarrier/fre
500 |aPublié aussi en anglais sous le titre : Audit of professional services contracting.
504 |aComprend des références bibliographiques (page 32).
520 |a« Dans le cadre de sa mission, le Conseil national de recherches du Canada (CNRC) fait appel à des personnes ou à des organisations qui lui permettent de répondre aux fluctuations inattendues de sa charge de travail, d'acquérir une expertise particulière que l'on trouverait difficilement au sein de la fonction publique ou de remplacer les membres de son effectif lorsqu'ils ou elles s'absentent temporairement. … Le présent audit devait fournir à la haute direction du CNRC une garantie impartiale que le recours par le CNRC aux services professionnels se conforme à la Politique des marchés et à la Directive sur la gestion de l'approvisionnement du Conseil du Trésor du Canada, au Règlement sur les marchés de l'État ainsi qu'aux politiques, directives et procédures du CNRC. Le Bureau a déterminé et examiné les marchés de services professionnels octroyés ou modifiés entre le 1 avril 2020 et le 31 mars 2022 en recourant à une méthode d'échantillonnage précise, fondée sur les risques, pour l'analyse des données. … » -- Résumé et conclusion, pages 4, 5.
61026|aConseil national de recherches Canada|xAudit.
650 6|aImpartition|zCanada|xAudit.
7102 |aConseil national de recherches Canada, |eorganisme de publication.
77508|tAudit of professional services contracting / |w(CaOODSP)9.939738
85640|qPDF|s470 Ko|uhttps://publications.gc.ca/collections/collection_2025/cnrc-nrc/NR16-444-2024-fra.pdf
8564 |qHTML|sS.O.|uhttps://nrc.canada.ca/fr/organisation/planification-rapports/audit-passation-marches-services-professionnels